Hàn Quốc /
সংরক্ষণ করুন:
| প্রধান লেখক: | |
|---|---|
| বিন্যাস: | Sách giấy |
| ভাষা: | Vietnamese |
| প্রকাশিত: |
H. :
Thế giới : Kim đồng,
2007.
|
| মালা: | Các nước trên thế giới
|
| বিষয়গুলি: | |
| ট্যাগগুলো: |
ট্যাগ যুক্ত করুন
কোনো ট্যাগ নেই, প্রথমজন হিসাবে ট্যাগ করুন!
|
| Thư viện lưu trữ: | Thư viện Trường Đại học Đà Lạt |
|---|
| LEADER | 00729nam a2200301 4500 | ||
|---|---|---|---|
| 001 | DLU120131279 | ||
| 005 | ##20120215 | ||
| 040 | # | # | |a DLU |b vie |
| 041 | # | # | |a vie |
| 044 | # | # | |a vn |
| 082 | # | # | |a 951.95 |b BO-R |
| 100 | # | # | |a Bowden, Rob. |
| 245 | # | # | |a Hàn Quốc / |c Rob Bowden. |
| 260 | # | # | |a H. : |b Thế giới : |b Kim đồng, |c 2007. |
| 300 | # | # | |a 61 tr. : |b minh hoạ màu ; |c 25 cm. |
| 490 | # | # | |a Các nước trên thế giới |
| 651 | # | # | |a Hàn Quốc |x Mô tả và du lịch. |
| 923 | # | # | |a 01/2012DL |
| 991 | # | # | |a SH |
| 992 | # | # | |a 30000 |
| 994 | # | # | |a KDL |
| 900 | # | # | |a True |
| 911 | # | # | |a Nguyễn Thanh Hương |
| 925 | # | # | |a G |
| 926 | # | # | |a A |
| 927 | # | # | |a SH |
| 980 | # | # | |a Thư viện Trường Đại học Đà Lạt |